Quiz One Piece - East Blue - Statistiques

Statistiques générales
  • Ce quiz a été pris 424 fois
  • Le résultat moyen est 7 sur 10
Statistiques - réponses
Question Réponse % Correct
A quel âge Luffy part-il à l'aventure ? 17
98%
Quel est le nom du premier grand corsaire à faire son apparition ? Mihawk
88%
Quelle somme Nami devait-elle verser à Arlong (en millions) ? 100
86%
Quelle est la prime de Kuro (en millions) ? 16
74%
Les compagnons d'Usopp sont Oignon, Piment et ... ? Carotte
74%
Sur quelle île Dragon apparaît-il pour la première fois ? Logue Town
73%
Baggy a le fruit de la ... ? Fragmentation
72%
Quel est le nom du village natal de Luffy ? Fuschia
71%
Quel est le nom du bras droit de Don Krieg ? Gin
70%
Sur quelle île rencontre-t-il Zoro ? Shells town
24%
Aucun quiz correspondant
Distribution des résultats
% des personnes avec chaque résultat
Percentile par nombre de réponses
Votre historique - résultats
Vous n’avez pas pris ce quiz